Strategic Plannning : A Practical Guide for Competitive Success /

Obra enfocada en la fase de la formulación estratégica del proceso administrativo en las empresas, donde el autor ofrece una variedad de herramientas analíticas para pensar los problemas, tomar decisiones y definir el modelo de plan a utilizar.

Shranjeno v:
Bibliografske podrobnosti
Glavni avtor: Abraham, Stanley C. (autor)
Format: Knjiga
Jezik:angleščina
Izdano: Mason, EUA : Thomson, 2006, c2006
Teme:
Oznake: Označite
Brez oznak, prvi označite!

MARC

LEADER 00000nam^a2200000^a^4500
001 000191758
005 20250521000000.0
009 20260310102539.199
020 |a 0-324-23255-1 
037 |a Acervo ITESO - Biblioteca 
041 |a ING 
082 |a 658. 4012  |b ABR 
100 |a Abraham, Stanley C.  |e (autor) 
245 1 0 |a Strategic Plannning :  |b A Practical Guide for Competitive Success /  |c S.C. Abraham. 
264 4 |a Mason, EUA :  |b Thomson,  |c 2006, c2006 
300 |a VIII, 223 p. +  |e 1 disco compacto de computadora 
336 |a texto  |b txt  |2 rdacontenido 
337 |a sin mediación  |b n  |2 rdamedio 
338 |a volumen  |b nc  |2 rdasoporte 
520 |a Obra enfocada en la fase de la formulación estratégica del proceso administrativo en las empresas, donde el autor ofrece una variedad de herramientas analíticas para pensar los problemas, tomar decisiones y definir el modelo de plan a utilizar. 
649 |a XX 
650 |a Toma de Decisiones -  |x Análisis de Información 
650 |a Toma de Decisiones 
650 |a Estrategia en los Negocios 
650 |a Planeación Estratégica -  |x Tema Principal 
650 |a Exito Administrativo 
650 |a Proceso Administrativo -  |x Dirección 
650 |a Administración 
910 |a Fondo General 
920 |a Impresos - Libros 
930 |a Colección General 
905 |a 101 
901 |a 0500135434  |b IT1  |c ACC  |u 20250521 
901 |a 0500135431  |b IT1  |c ACC  |u 20250521 
901 |a 0500135528  |b IT2  |c SWS  |u 20250521 
901 |a 0500135531  |b IT2  |c SWS  |u 20250521 
902 |a https://opac.biblio.iteso.mx/vufind/Record/000191758